Obras completas. (Registro nro. 1189)
[ vista simple ]
| 000 -CABECERA | |
|---|---|
| campo de control de longitud fija | 01466nam a2200265Ia 4500 |
| 003 - IDENTIFICADOR DEL NÚMERO DE CONTROL | |
| campo de control | AR-RoIUNI |
| 005 - FECHA Y HORA DE LA ÚLTIMA TRANSACCIÓN | |
| campo de control | 20180723101147.0 |
| 007 - CAMPO FIJO DE DESCRIPCIÓN FÍSICA--INFORMACIÓN GENERAL | |
| campo de control de longitud fija | ta |
| 008 - DATOS DE LONGITUD FIJA--INFORMACIÓN GENERAL | |
| campo de control de longitud fija | 150616s2008 ag r 000 0 spa d |
| 020 ## - NÚMERO INTERNACIONAL ESTÁNDAR DEL LIBRO | |
| Número Internacional Estándar del Libro | 9789505185948 |
| 040 ## - FUENTE DE LA CATALOGACIÓN | |
| Centro/agencia transcriptor | AR-RoIUNI |
| Lengua de catalogación | spa |
| Normas de descripción | aarc2 |
| 080 ## - NÚMERO DE LA CLASIFICACIÓN DECIMAL UNIVERSAL | |
| Número de la Clasificación Decimal Universal | 159.9 |
| 100 1# - ENTRADA PRINCIPAL--NOMBRE DE PERSONA | |
| Nombre de persona | Freud, Sigmund, |
| Fechas asociadas al nombre | 1856-1939. |
| 9 (RLIN) | 4 |
| 245 10 - MENCIÓN DE TÍTULO | |
| Título | Obras completas. |
| Número de parte o sección de la obra | Vol. 18 (1920-1922), |
| Nombre de parte o sección de la obra | Más allá del principio de placer. Psicología de las masas y análisis del yo y otras obras / |
| Mención de responsabilidad, etc. | Sigmund Freud ; ordenamiento, comentarios y notas de James Strachey con la colaboración de Anna Freud, asistidos por Alix Strachey y Alan Tyson ; traducción directa del alemán de José L. Etcheverry. |
| 250 ## - MENCIÓN DE EDICIÓN | |
| Mención de edición | 2a. ed. |
| 260 ## - PUBLICACIÓN, DISTRIBUCIÓN, ETC. (PIE DE IMPRENTA) | |
| Lugar de publicación, distribución, etc. | Buenso Aires : |
| Nombre del editor, distribuidor, etc. | Amorrortu, |
| Fecha de publicación, distribución, etc. | 2008. |
| 300 ## - DESCRIPCIÓN FÍSICA | |
| Extensión | 320 p. ; |
| Dimensiones | 23 cm. |
| 490 0# - MENCIÓN DE SERIE | |
| Mención de serie | Obras completas Sigmund Freud ; |
| Designación de volumen o secuencia | vol. 18 |
| 505 0# - NOTA DE CONTENIDO CON FORMATO | |
| Nota de contenido con formato | Más allá del principio de placer (1920) -- Psicología de las masas y análisis del yo (1921) -- Sobre la psicogénesis de un caso de homosexualidad femenina (1920) -- Psicoanálisis y telepatía (1941 [1921]) -- Sueño y telepatía (1922) -- Sobre algunos mecanismos neuróticos en los celos, la paranoia y la homosexualidad (1922 [1921]) -- Dos artículos de enciclopedia: “Psicoanálisis” y “Teoría de la libido” (1923 [1922]) -- Escritos breves (1920-22). |
| 650 #4 - PUNTO DE ACCESO ADICIONAL DE MATERIA--TÉRMINO DE MATERIA | |
| Término de materia o nombre geográfico como elemento inicial | PSICOLOGÍA |
| 650 #4 - PUNTO DE ACCESO ADICIONAL DE MATERIA--TÉRMINO DE MATERIA | |
| Término de materia o nombre geográfico como elemento inicial | PSICOANÁLISIS |
| 700 1# - PUNTO DE ACCESO ADICIONAL--NOMBRE DE PERSONA | |
| Nombre de persona | Strachey, James. |
| 700 1# - PUNTO DE ACCESO ADICIONAL--NOMBRE DE PERSONA | |
| Nombre de persona | Etcheverry, José L. |
| 942 ## - ELEMENTOS DE PUNTO DE ACCESO ADICIONAL (KOHA) | |
| Tipo de ítem Koha | Libros |
| Fuente del sistema de clasificación o colocación | Clasificación Decimal Universal |
| Estado de retiro | Estado de pérdida | Fuente del sistema de clasificación o colocación | Estado dañado | Excepción de préstamo | Código de colección | Localización permanente | Ubicación/localización actual | Ubicación en estantería | Fecha de adquisición | Número de inventario | Total de préstamos | Renovaciones totales | Signatura topográfica completa | Código de barras | Fecha visto por última vez | Fecha del último préstamo | Número de copia | Precio válido a partir de | Tipo de ítem Koha | Fuente de adquisición | Nota pública |
|---|---|---|---|---|---|---|---|---|---|---|---|---|---|---|---|---|---|---|---|---|---|
| Clasificación Decimal Universal | Psicología | BIBLIOTECA RIOBAMBA | BIBLIOTECA RIOBAMBA | BIBLIOTECA RIOBAMBA | 16/06/2015 | 1190 | 14 | 6 | 159.9 FRE | 1190 | 12/03/2026 | 25/10/2023 | 1 | 16/06/2015 | Libros | ||||||
| Clasificación Decimal Universal | BIBLIOTECA VENADO TUERTO | BIBLIOTECA VENADO TUERTO | BIBLIOTECA VENADO TUERTO | 15/03/2019 | 5044 | 159.9 FRE | 5044 | 15/03/2019 | 2 | 15/03/2019 | Libros | Compra | VENADO TUERTO |

